00526nam a22001697a 450000500170000001000150001702000260003203500140005803700130007208200080008524500910009326000360018427000550022030000200027550000430029570000180033820181010154803.0 aENG-124228 a9789385755958c499.00 aEN-107760 bDBAD/PUB a954 aIndia dissents:ced. by Ashok Vajpeyib3000 years of difference, doubt and argumnent / aNew DelhibSpeaking Tigerc2017 a4381/4, Ansari Road, Daryaganj,bNew Delhie110002 a546p.c22cm(Hb) aIt includes copyright acknowledgements aAshok Vajpeyi